000 00476nam a2200169Ia 4500
999 _c3392
_d3392
003 OSt
005 20200817095334.0
008 190216s9999||||xx |||||||||||||| ||und||
040 _coclc
082 _a547.2
_bAGA/S
100 _aAgarwal, O P
_94088
245 0 _aSynthetic Organic Chemistry /
_cO P Agarwal
260 _bGoel Publishing House,
_aMeerut:
_c1999.
300 _a563p
650 _aChemistry
942 _cBK
_2ddc
_h547.2
_iAGA/S
_k547.2
_mAGA/S